| 000 | 00655nam a2200205 u 4500 | ||
|---|---|---|---|
| 005 | 20240228064221.0 | ||
| 008 | 150901s2009 r 000 0 eng d | ||
| 020 | _a9788492696055 | ||
| 035 | _aUPN01000205537 | ||
| 049 | _aI | ||
| 050 | 4 |
_aPZ33 _bM3.8 |
|
| 100 | 1 |
_aMaar, Paul, _d1937- _933366 |
|
| 245 | 1 | 4 |
_aLos viajes de Olga / _cPaul Maar ; il. de Eva Muggenthaler ; tr.de José luis Reina Palazón. |
| 260 |
_aBarcelona, Esp. : _bTakatuka, _c2009. |
||
| 300 |
_a[42] p. : _bil. |
||
| 534 |
_pTítulo original : _tPaulas Reisen |
||
| 650 | 0 |
_aLiteratura infantil alemana _99171 |
|
| 650 | 4 |
_aLibros y lectura para niños _92290 |
|
| 905 | _aInfantil | ||
| 999 |
_c177638 _d177638 |
||